Quizzes
Events
Quiz Creation
Community
Videos
Private Events
Remove Ads
Sign In
Join for FREE
Feedback
Dark Mode
Quiz Categories
Sports
Geography
Music
Movies
Television
Just For Fun
Miscellaneous
History
Literature
Language
Science
Gaming
Entertainment
Religion
Holiday
For Kids
Quiz Lab
Recent
Popular Today
Quiz Kudos Today
Editor Picks
Curator Picks
Quizzes by...
Day
Popularity
Type
Ratings
Length
Year
Community
Subscriptions
Recent Discussions
Orange Saloon
Badges
Playlists
Quests
Create
Leaderboards
Showdown
Live 5
Trivia Bingo
Activity
Puzzle Library
Sporcle Events
Private Events
Virtual Trivia
Globe League
Become a Host
Pub Owners
SporcleCon
Opinionation
Our Games
Videos
Blog
Mobile Apps
Partnerships
Remove Ads and Go Orange
Feedback
Television
TV Characters
TV Show
Sitcom
Network
Friends
Reality Shows
Cast
South Park
Star Trek
The Simpsons
Doctor Who
Television
TV Characters
TV Show
Sitcom
Network
Friends
Reality Shows
Cast
South Park
Star Trek
The Simpsons
Doctor Who
Random Quiz
Search Sporcle
×
Quiz Lab
Quiz Lab
Television
David Caruso
Type in answers that appear in a list
Type in answers that appear in a list
Classic
Best Score? Go Orange.
David Caruso's CSI:Miami one-liners Stats
Can you name the ends of these David Caruso CSI:Miami one-liners?
By
drspaceman
8m
10 Questions
474 Plays
474 Plays
474 Plays
Comments
Comments
Give Quiz Kudos
Give Quiz Kudos
-
- Ratings
hide this ad
Replay
Link that replays current quiz
Next Quiz
Link to next quiz in quiz playlist
You Got
0%
They Got
Avg Score
32%
Avg Friend Score
Upgrade to see
Score Distribution
Jump to the score distribution portion of the page
Score
0/10
Timer
08:00
0
Plays Today
Pre-Sunglasses
Post-Sunglasses
% Correct
'They call it speed dating.' 'Well, you know what they say, Frank...'
'...speed kills.'
73.4%
'Looks like a mob hit, Horatio.' 'Yes. And it's time...'
'...to hit back.'
54.9%
'He died hours before this accident even occurred.' 'So our accident...'
'...is not an accident at all.'
31%
'You don't spend a thousand dollars on clothes...'
'...that you're never going to wear.'
30%
'Friends said she came down to catch some sun.' 'Well, it looks like....
'...something caught her.'
29.7%
'The jury only had one week before deliberations.' 'No need now....'
'...the verdict is in.'
29.5%
'No matter how you cut it, war sucks.' 'Frank...'
'...it's a killer.'
24.1%
Bad guy: 'You're already dead, brother.' Horatio shoots the bad guy, then retorts....
'Join the club.'
23%
'They thought they'd get away with some diamond trinkets.' 'But they're not....
'...gonna get away with murder.'
19.8%
'Someone brought the war to us...'
'...now we are gonna take it to them.'
10.5%
Quiz Playlist
Details
Report
Send in Message
Add To Playlist
Classic:
Type in answers that appear in a list
Quiz Source
Last Updated: Feb 16, 2017
Quiz Scoreboard
CHALLENGE
Sign Up to Join the Scoreboard
Show All
Scores
Hide
Comments
May contain spoilers
Recently Published
An Introduction to Baseball
by treessimontrees
Sports
5m
Movies - When Are They Set?
by FPL_Elf
Movies
5m
Popular People in 1961
by mucciniale
History
6m
More to Explore
Quiz From the Vault
Featured Blog Post
Where Did the Easter Bunny Come From?
hide this ad
You Might Also Like...
Tags
caruso
CSI
CSI Miami
David
David Caruso
end
Miami
One-liner
Today's Top Quizzes in Television
Browse Television
hide this ad
Top Contributed Quizzes in Television
1
One Piece Logic Puzzle
2
Survivor Logic Puzzle: Heroes vs. Villains
3
Survivor Seasons
4
Survivor Season by Logo
5
5-to-1: The Simpsons Families
6
Survivor Trivia
7
One Thing in Common: Television
8
Who Wants to Be a Millionaire?
9
Survivor Logic Puzzle: Winners at War
10
Ultimate Survivor Logic Puzzle
Explore More
Trending Topics
Marvel
Kpop
Anime
Disney
Harry Potter
NBA
Crossword
Country
WWE
Puzzle
NFL
The Office
Pokémon
Song
Soccer
hide this ad
More By:
drspaceman
Quiz
Plays
Rating
Category
Featured
Created
David Caruso's CSI:Miami one-liners
474
4.75
Television
Dec 11, 2009
Go to Creator's Profile
Score Distribution
Quiz Creator Spotlight
drspaceman
Follow
Send a Message
Quizzes Created
-
Created Quiz Play Count
-
More By This Creator
Popular Quizzes Today
1
Find the Countries of Europe - No Outlines Minefield
2
Find the US States - No Outlines Minefield
3
The Countries of the World
4
Popular People in 1961
5
US States
6
Find the US States
7
1-10 Letter E Words III
8
Risky Map Clicking: Biggest States A-Z
More Television Quizzes
Game of Thrones: Logic Puzzle: Daenerys Edition
Curator's Pick
Trending Quizzes
Risky Map Clicking: Least Populous States A-Z
1-10 Letter F Words
1-10 Letter G Words
One Thing in Common: United Kingdom
Risky Map Clicking: Next State Alphabetically
Recently Updated
Leaping Animals
pecheneg
Reality TV Shows (A-Z)
bhenderson79
Rickey Henderson's Hall of Fame Teammates
pecheneg
Champions League XIs: Arsenal
pecheneg
Quick Pick: Celebrities in WWE's Hall of Fame
aduchscher
A-Z Keypad Blitz II
pecheneg
Multiple Oscar Actors
pecheneg
Mystery Phrase Blitz: Oscar 'Best Actors'
pecheneg
F. Scott Fitzgerald Novels
LTH
Pick 3 Villains
ddd62291
Trending Topics
Kpop
Disney
NBA
Harry Potter
Anime
Crossword
Marvel
WWE
Song
Pokémon
Puzzle
NFL
The Office
Country
Soccer
Your Account Isn't Verified!
In order to create a playlist on Sporcle, you need to verify the email address you used during registration. Go to your
Sporcle Settings
to finish the process.
Report this User
Report this user for behavior that violates our
Community Guidelines
.
Details:
Send Report
Go to the Sporcle.com Mobile Site →
Comments